书目信息 |
| 题名: |
管理运筹学
|
|
| 作者: | 韩伯棠 编著 | |
| 分册: | ||
| 出版信息: | 北京 高等教育出版社 2000 |
|
| 页数: | 404页 | |
| 开本: | 26cm | |
| 丛书名: | ||
| 单 册: | ||
| 中图分类: | C931.1 | |
| 科图分类: | ||
| 主题词: | 运筹学:管理学--技术 | |
| 电子资源: | ||
| ISBN: | 7-04-007829-5 | |
| 000 | 00586nam0 2200205 45 | |
| 001 | 0306040967 | |
| 005 | 20031219104110.7 | |
| 010 | @a7-04-007829-5@dCNY29.10 | |
| 100 | @a20030604d2000 km y0chiy0120 ea | |
| 101 | 0 | @achi |
| 105 | @a z 000yy | |
| 200 | 1 | @a管理运筹学@AGuan Li Yun Chou Xue@f韩伯棠编著@FHan Bo Tang Bian Zhu |
| 210 | @a北京@c高等教育出版社@d2000 | |
| 215 | @a404页@d26cm@e1软盘 | |
| 300 | @a面向21世纪课程教材 | |
| 606 | 0 | @a运筹学:管理学@x技术 |
| 690 | @aC931.1@v4 | |
| 701 | 0 | @a韩伯棠@4编著 |
| 801 | @aCN@bTSTC@c20030604 | |
| 905 | @b323693-697@dC931.1@e120@f5 | |
| 管理运筹学/韩伯棠编著.-北京:高等教育出版社,2000 |
| 404页;26cm+1软盘 |
| 面向21世纪课程教材 |
| ISBN 7-04-007829-5:CNY29.10 |
| ● |
| 相关链接 |
|
|
|
|
正题名:管理运筹学
索取号:C931.1/120
 
预约/预借
| 序号 | 登录号 | 条形码 | 馆藏地/架位号 | 状态 | 备注 |
| 1 | 0323693 | 203236934 | 第一借阅区/ [索取号:C931.1/120] | 在馆 | |
| 2 | 0323694 | 203236943 | 第一借阅区/ [索取号:C931.1/120] | 在馆 | |
| 3 | 0323695 | 203236952 | 第一借阅区/ [索取号:C931.1/120] | 在馆 | |
| 4 | 0323696 | 203236961 | 第一借阅区/ [索取号:C931.1/120] | 在馆 | |
| 5 | 0323697 | 203236970 | 第一样本阅览室/ [索取号:C931.1/120] | 在馆 |